000 01213nam a2200361 a 4500
999 _c11450
_d11450
001 11450
003 BD-JhCC
005 20190922090702.0
007 ta
008 120619s2012 ii ab b 001 0 eng d
010 _a 2012337861
020 _a9789842002922 (pbk.)
020 _a9842002926 (pbk.)
025 _aB-E-2012-337861; 22-92
035 _a(BD-JhCC)11450
037 _aLibrary of Congress -- New Delhi Overseas Office
040 _aDKAGE
_beng
_cDKAGE
_dOCLCO
_dDLC
_dBD-JhCC
042 _alccopycat
_alcode
043 _aa-ii---
050 0 0 _aDS485.A88
_bM285 2012
082 0 4 _a320.954162
_223
_bMAH 2012
100 0 _aMāhaphuja Ullāha.
245 1 0 _aULFA & the insurgency in Assam /
_cMahfuz Ullah.
246 3 _aULFA and the insurgency in Assam
246 1 _iTitle on t.p. verso in Bengali script:
_aUlaphā eyānda dya inasārajensi ina Āsāma
260 _aDhaka :
_bAdorn Publication,
_c2012.
300 _a308 p. :
_bill., map ;
_c22 cm.
504 _aIncludes bibliographical references (p. [303]-304) and index.
610 2 0 _aUnited Liberation Front of Assam.
650 0 _aInsurgency
_zIndia
_zAssam.
651 0 _aAssam (India)
_xPolitics and government.
942 _2ddc
_cBK